La edad de oro

Сохранить в:
Библиографические подробности
Главный автор: Martí, José (autor)
Формат:
Язык:испанский
Опубликовано: Ciudad de México Fondo de Cultura Económica 1993
Серии:Colección Tierra Firme
Предметы:
Метки: Добавить метку
Нет меток, Требуется 1-ая метка записи!

MARC

LEADER 00000nam a2200000 a 4500
001 UCM9259
003 CL-VaPUC
005 20210903124842.0
008 030417e19931100MX |||||||||||||||||spa|d
999 |c 303584  |d 303582 
040 |c Pontificia Universidad Católica de Valparaíso 
082 0 4 |a Cu860.9  |b MAR  |2 21 
100 |a Martí, José  |e autor  |9 862932 
245 1 3 |a La edad de oro 
260 |a Ciudad de México  |b Fondo de Cultura Económica  |c 1993 
300 |a 245 p 
490 0 |a Colección Tierra Firme 
583 |a last modification  |c 20030417 00:00:00  |k Rodrigo Vera 
650 0 |a Literatura cubana  |9 315048 
942 |c BK  |2 ddc 
945 |d 20030417 00:00:00  |a vberengu 
952 |0 0  |1 0  |4 0  |6 CU_860_900000000000000_MAR_1993  |7 0  |8 A  |9 364994  |a BIBHIS  |b BIBHIS  |d 2019-11-21  |i 3886336  |o Cu860.9 MAR 1993  |p 3886336  |r 2025-01-20  |w 2019-11-21  |y BK  |k HIS